Conservation of plasmid-encoded dibenzothiophene desulfurization genes in several rhodococci /
Đã lưu trong:
| 其他作者: | , , , , , , , , |
|---|---|
| 格式: | Bài viết |
| 語言: | English |
| 主題: | |
| 標簽: |
添加標簽
沒有標簽, 成為第一個標記此記錄!
|
| Thư viện lưu trữ: | Thư viện Trường Đại học Đà Lạt |
|---|
| LEADER | 01169nam a2200409 4500 | ||
|---|---|---|---|
| 001 | DLU090096165 | ||
| 005 | ##20091201 | ||
| 040 | # | # | |a DLU |b eng |
| 041 | # | # | |a eng |
| 044 | # | # | |a us |
| 245 | # | # | |a Conservation of plasmid-encoded dibenzothiophene desulfurization genes in several rhodococci / |c C. Denis-Larose ... [et al.]. |
| 653 | # | # | |a Actinomycetes |
| 653 | # | # | |a Bacteria |
| 653 | # | # | |a Desulfurization |
| 653 | # | # | |a Genetic mapping |
| 653 | # | # | |a Molecular probe |
| 653 | # | # | |a Plasmids |
| 653 | # | # | |a Rhodococcus |
| 700 | # | # | |a Al-Hawari, J. |
| 700 | # | # | |a Bergeron, H. |
| 700 | # | # | |a Denis-Larose, C. |
| 700 | # | # | |a Greer, C. W. |
| 700 | # | # | |a Grossman, M. J. |
| 700 | # | # | |a Jones, A. M. |
| 700 | # | # | |a Labbe, D. |
| 700 | # | # | |a Lau, P. C. |
| 700 | # | # | |a Sankey, B. M. |
| 773 | # | # | |t Applied and Environmental Microbiology |g Vol. 63, no. 7 (April 1997), p. 2915-2919 |
| 920 | # | # | |a Phòng Tạp chí -- Trung tâm Thông tin - Thư viện Trường Đại học Đà Lạt |
| 994 | # | # | |a DLU |
| 900 | # | # | |a True |
| 911 | # | # | |a Trương Bảo Trâm Anh |
| 925 | # | # | |a G |
| 926 | # | # | |a A |
| 927 | # | # | |a BB |
| 980 | # | # | |a Thư viện Trường Đại học Đà Lạt |